MARC details
| 000 -CABECERA |
| campo de control de longitud fija |
01404nam a2200349 a 4500 |
| 001 - NÚMERO DE CONTROL |
| campo de control |
000042394 |
| 003 - IDENTIFICADOR DEL NÚMERO DE CONTROL |
| campo de control |
DO-SdBNP |
| 005 - FECHA Y HORA DE LA ÚLTIMA TRANSACCIÓN |
| campo de control |
20250610111129.0 |
| 008 - DATOS DE LONGITUD FIJA--INFORMACIÓN GENERAL |
| campo de control de longitud fija |
131128s2002 dr ac 001 0 spa d |
| 020 ## - NÚMERO INTERNACIONAL ESTÁNDAR DEL LIBRO |
| Número Internacional Estándar del Libro |
9583334901 |
| 040 ## - FUENTE DE LA CATALOGACIÓN |
| Centro catalogador/agencia de origen |
DO-SdBNP |
| Lengua de catalogación |
spa |
| Centro/agencia transcriptor |
BNPHU |
| 082 ## - NÚMERO DE LA CLASIFICACIÓN DECIMAL DEWEY |
| Número de clasificación |
759.980 |
| Número de documento/Ítem |
R288a |
| 245 00 - MENCIÓN DE TÍTULO |
| Título |
Realismo y arte figurativo latinoamericano / |
| Mención de responsabilidad, etc. |
Francisco Nader , Carol Damián ; fotografías , Carlos Pérez, Eugenio Cortina. |
| 260 ## - PUBLICACIÓN, DISTRIBUCIÓN, ETC. |
| Lugar de publicación, distribución, etc. |
Santo Domingo : |
| Nombre del editor, distribuidor, etc. |
Francisco Nader Arte Latinoamericano : |
| -- |
Art Editions, |
| Fecha de publicación, distribución, etc. |
2002. |
| 300 ## - DESCRIPCIÓN FÍSICA |
| Extensión |
264 p. : |
| Otras características físicas |
il., retrs. ; |
| Dimensiones |
32 cm. |
| 505 0# - NOTA DE CONTENIDO CON FORMATO |
| Información miscelánea |
Presentación / |
| Mención de responsabilidad |
Camilo Paredes -- |
| Título |
Artistas contemporáneos y realismo / |
| Mención de responsabilidad |
Carol Damian -- |
| Título |
Pintura dominicana / |
| Mención de responsabilidad |
Daniel Enríquez -- |
| Título |
Artistas, catálogo de obras. |
| 590 ## - NOTA LOCAL (RLIN) |
| Nota local |
Inventariado, 2018/LP |
| 650 #4 - PUNTO DE ACCESO ADICIONAL DE MATERIA--TÉRMINO DE MATERIA |
| Término de materia o nombre geográfico como elemento de entrada |
Realismo en el arte |
| 9 (RLIN) |
69494 |
| 650 #4 - PUNTO DE ACCESO ADICIONAL DE MATERIA--TÉRMINO DE MATERIA |
| Término de materia o nombre geográfico como elemento de entrada |
Pintura moderna |
| 9 (RLIN) |
69495 |
| 650 #4 - PUNTO DE ACCESO ADICIONAL DE MATERIA--TÉRMINO DE MATERIA |
| Término de materia o nombre geográfico como elemento de entrada |
Arte moderno |
| 9 (RLIN) |
4683 |
| 650 #4 - PUNTO DE ACCESO ADICIONAL DE MATERIA--TÉRMINO DE MATERIA |
| Término de materia o nombre geográfico como elemento de entrada |
Pintores latinoamericanos |
| Subdivisión general |
Catálogo |
| 9 (RLIN) |
69496 |
| 650 #4 - PUNTO DE ACCESO ADICIONAL DE MATERIA--TÉRMINO DE MATERIA |
| Término de materia o nombre geográfico como elemento de entrada |
Pintores dominicanos |
| Subdivisión general |
Catálogo |
| 9 (RLIN) |
69497 |
| 700 1# - PUNTO DE ACCESO ADICIONAL--NOMBRE DE PERSONA |
| Nombre de persona |
Nader, Francisco |
| 9 (RLIN) |
55810 |
| 700 1# - PUNTO DE ACCESO ADICIONAL--NOMBRE DE PERSONA |
| Nombre de persona |
Damian, Carol |
| 9 (RLIN) |
69498 |
| 700 1# - PUNTO DE ACCESO ADICIONAL--NOMBRE DE PERSONA |
| Nombre de persona |
Enríquez, Daniel |
| 9 (RLIN) |
69499 |
| 700 1# - PUNTO DE ACCESO ADICIONAL--NOMBRE DE PERSONA |
| Nombre de persona |
Paredes, Camilo, |
| Término indicativo de función/relación |
present. |
| 9 (RLIN) |
69500 |
| 700 1# - PUNTO DE ACCESO ADICIONAL--NOMBRE DE PERSONA |
| Nombre de persona |
Cortina, Eugenio, |
| Fechas asociadas al nombre |
il. |
| 9 (RLIN) |
69501 |
| 700 1# - PUNTO DE ACCESO ADICIONAL--NOMBRE DE PERSONA |
| Nombre de persona |
Pérez, Carlos, |
| Fechas asociadas al nombre |
il. |
| 9 (RLIN) |
69502 |
| 710 2# - PUNTO DE ACCESO ADICIONAL--NOMBRE DE ENTIDAD CORPORATIVA |
| Nombre de entidad corporativa o nombre de jurisdicción como elemento de entrada |
Francisco Nader Arte Latinoamericano |
| 9 (RLIN) |
69503 |
| 910 ## - DATOS DE OPCIÓN DEL USUARIO (OCLC) |
| Datos de opción del usuario |
Validado. Control de calidad EMS |
| 942 ## - ELEMENTOS DE PUNTO DE ACCESO ADICIONAL (KOHA) |
| Fuente del sistema de clasificación o colocación |
Dewey Decimal Classification |
| Tipo de ítem Koha |
Libro |